[Event "45th FIDE Chess Olympiad - Women's Section"]
[Site "Budapest, Hungary"]
[Date "2024.09.11"]
[Round "1"]
[White "Stagno, Milena"]
[Black "Markantonaki, Haritomeni"]
[Result "0-1"]
[Board "91"]
[WhiteFideId "5602289"]
[BlackFideId "4207050"]
[BlackTitle "WFM"]
[WhiteElo "1664"]
[BlackElo "2179"]
[WhiteTeam "Malta"]
[BlackTeam "Greece"]
[WhiteClock "0:05:00"]
[BlackClock "0:04:25"]
[Variant "Standard"]

1. e4 {[%clk 1:30:55]}  c5 {[%clk 1:30:53]} 2. c3 {[%clk 1:31:07]}  d5 {[%clk 1:31:05]} 3. exd5 {[%clk 1:31:15]}  Qxd5 {[%clk 1:31:23]} 4. d4 {[%clk 1:31:12]}  Nc6 {[%clk 1:31:31]} 5. Nf3 {[%clk 1:30:28]}  Bf5 {[%clk 1:31:21]} 6. Be3 {[%clk 1:25:08]}  cxd4 {[%clk 1:26:30]} 7. cxd4 {[%clk 1:24:04]}  Bxb1 {[%clk 1:25:49]} 8. Qxb1 {[%clk 1:16:36]}  Nf6 {[%clk 1:25:16]} 9. Be2 {[%clk 1:13:09]}  e6 {[%clk 1:24:26]} 10. a3 {[%clk 1:09:31]}  Be7 {[%clk 1:20:00]} 11. O-O {[%clk 1:07:09]}  O-O {[%clk 1:19:51]} 12. Qd3 {[%clk 1:03:14]}  Rfd8 {[%clk 1:16:05]} 13. Rfd1 {[%clk 0:59:32]}  Rac8 {[%clk 1:11:18]} 14. Qb5 {[%clk 0:50:29]}  Qxb5 {[%clk 1:04:44]} 15. Bxb5 {[%clk 0:50:44]}  Nd5 {[%clk 1:03:15]} 16. Rac1 {[%clk 0:48:15]}  Na5 {[%clk 0:48:20]} 17. Rxc8 {[%clk 0:41:58]}  Rxc8 {[%clk 0:48:45]} 18. Rc1 {[%clk 0:41:59]}  Rxc1+ {[%clk 0:42:48]} 19. Bxc1 {[%clk 0:42:16]}  a6 {[%clk 0:42:22]} 20. Bd3 {[%clk 0:38:41]}  Bd6 {[%clk 0:37:20]} 21. b4 {[%clk 0:34:33]}  Nc6 {[%clk 0:35:16]} 22. Bb2 {[%clk 0:30:36]}  f6 {[%clk 0:31:18]} 23. Nd2 {[%clk 0:27:42]}  h6 {[%clk 0:25:20]} 24. Ne4 {[%clk 0:26:08]}  Bf8 {[%clk 0:24:13]} 25. Nc5 {[%clk 0:19:20]}  Bxc5 {[%clk 0:24:17]} 26. dxc5 {[%clk 0:19:30]}  Kf7 {[%clk 0:23:39]} 27. b5 {[%clk 0:18:53]}  axb5 {[%clk 0:23:24]} 28. Bxb5 {[%clk 0:19:16]}  Na5 {[%clk 0:22:38]} 29. a4 {[%clk 0:17:54]}  e5 {[%clk 0:19:52]} 30. Kf1 {[%clk 0:15:00]}  Ke6 {[%clk 0:19:51]} 31. Bd3 {[%clk 0:08:52]}  Ne7 {[%clk 0:09:44]} 32. Bc3 {[%clk 0:08:17]}  Nec6 {[%clk 0:09:54]} 33. Be4 {[%clk 0:06:58]}  f5 {[%clk 0:07:28]} 34. Bf3 {[%clk 0:06:56]}  e4 {[%clk 0:06:26]} 35. Bh5 {[%clk 0:06:39]}  g5 {[%clk 0:05:04]} 36. Bg7 {[%clk 0:06:20]}  Nb3 {[%clk 0:03:27]} 37. Bxh6 {[%clk 0:04:55]}  Nxc5 {[%clk 0:03:26]} 38. Bxg5 {[%clk 0:05:01]}  Nxa4 {[%clk 0:03:27]} 39. Bd1 {[%clk 0:03:22]}  b5 {[%clk 0:02:32]} 40. Bb3+ {[%clk 0:02:36]}  Ke5 {[%clk 0:02:10]} 41. h4 {[%clk 0:01:07]}  Nd4 {[%clk 0:21:08]} 42. Bf7 {[%clk 0:24:45]}  b4 {[%clk 0:17:46]} 43. h5 {[%clk 0:24:40]}  Ne6 {[%clk 0:17:13]} 44. Bc1 {[%clk 0:18:59]}  Kf6 {[%clk 0:13:33]} 45. Bg8 {[%clk 0:15:33]}  Nf8 {[%clk 0:05:40]} 46. h6 {[%clk 0:07:16]}  Kg6 {[%clk 0:05:05]} 47. Be3 {[%clk 0:06:27]}  Nh7 {[%clk 0:03:47]} 48. Bf4 {[%clk 0:03:01]}  Nc5 {[%clk 0:02:34]} 49. Bd2 {[%clk 0:02:27]}  b3 {[%clk 0:01:54]} 50. Bc3 {[%clk 0:02:03]}  Na4 {[%clk 0:01:06]} 51. Bd2 {[%clk 0:01:11]}  b2 {[%clk 0:00:56]} 52. Ba2 {[%clk 0:01:38]}  Nf6 {[%clk 0:00:41]} 53. Ke1 {[%clk 0:01:33]}  Nd5 {[%clk 0:00:47]} 54. Kd1 {[%clk 0:00:54]}  Nac3+ {[%clk 0:00:38]} 55. Bxc3 {[%clk 0:01:19]}  Nxc3+ {[%clk 0:01:03]} 56. Kc2 {[%clk 0:01:46]}  Nxa2 {[%clk 0:01:15]} 57. Kxb2 {[%clk 0:02:14]}  Nb4 {[%clk 0:01:34]} 58. Kc3 {[%clk 0:02:13]}  Nd3 {[%clk 0:01:31]} 59. f3 {[%clk 0:02:25]}  Nc5 {[%clk 0:01:10]} 60. g4 {[%clk 0:01:52]}  fxg4 {[%clk 0:01:12]} 61. fxg4 {[%clk 0:01:51]}  Kxh6 {[%clk 0:01:30]} 62. Kd4 {[%clk 0:02:07]}  Kg5 {[%clk 0:01:50]} 63. Ke3 {[%clk 0:02:33]}  Kxg4 {[%clk 0:02:15]} 64. Ke2 {[%clk 0:02:54]}  Kf4 {[%clk 0:02:41]} 65. Kf2 {[%clk 0:03:14]}  e3+ {[%clk 0:02:59]} 66. Ke2 {[%clk 0:03:39]}  Ke4 {[%clk 0:03:24]} 67. Ke1 {[%clk 0:04:05]}  Kd3 {[%clk 0:03:46]} 68. Kd1 {[%clk 0:04:31]}  e2+ {[%clk 0:04:04]} 69. Ke1 {[%clk 0:05:00]}  Nb3 {[%clk 0:04:25]} 0-1

[Event "45th FIDE Chess Olympiad - Women's Section"]
[Site "Budapest, Hungary"]
[Date "2024.09.11"]
[Round "1"]
[White "Kaslan, Catherine"]
[Black "Klinova, Masha"]
[Result "1/2-1/2"]
[Board "97"]
[WhiteFideId "8201390"]
[BlackFideId "2802015"]
[WhiteTitle "WFM"]
[BlackTitle "IM"]
[WhiteElo "1902"]
[BlackElo "2227"]
[WhiteTeam "Suriname"]
[BlackTeam "Israel"]
[WhiteClock "0:20:09"]
[BlackClock "0:18:28"]
[Variant "Standard"]

1. e4 {[%clk 1:30:53]}  d6 {[%clk 1:24:25]} 2. d4 {[%clk 1:31:03]}  Nf6 {[%clk 1:24:42]} 3. Nc3 {[%clk 1:31:07]}  g6 {[%clk 1:25:02]} 4. Be3 {[%clk 1:31:17]}  c6 {[%clk 1:24:37]} 5. Qd2 {[%clk 1:27:30]}  Nbd7 {[%clk 1:22:43]} 6. O-O-O {[%clk 1:26:12]}  Bg7 {[%clk 1:20:55]} 7. f3 {[%clk 1:21:54]}  e5 {[%clk 1:18:06]} 8. g4 {[%clk 1:10:51]}  Qe7 {[%clk 1:08:39]} 9. h4 {[%clk 0:58:51]}  h5 {[%clk 1:00:49]} 10. dxe5 {[%clk 0:53:17]}  dxe5 {[%clk 0:57:15]} 11. g5 {[%clk 0:52:20]}  Nh7 {[%clk 0:57:08]} 12. Bh3 {[%clk 0:48:08]}  O-O {[%clk 0:52:56]} 13. Bxd7 {[%clk 0:32:58]}  Rd8 {[%clk 0:52:56]} 14. Qf2 {[%clk 0:32:44]}  Rxd7 {[%clk 0:46:31]} 15. Rxd7 {[%clk 0:30:16]}  Bxd7 {[%clk 0:36:58]} 16. Bxa7 {[%clk 0:29:20]}  b5 {[%clk 0:28:04]} 17. Bc5 {[%clk 0:28:21]}  Qe8 {[%clk 0:27:38]} 18. Nge2 {[%clk 0:25:51]}  Nf8 {[%clk 0:26:50]} 19. a3 {[%clk 0:21:40]}  Ne6 {[%clk 0:25:44]} 20. Rd1 {[%clk 0:14:15]}  Nxc5 {[%clk 0:23:40]} 21. Qxc5 {[%clk 0:14:39]}  Bf8 {[%clk 0:24:06]} 22. Qb6 {[%clk 0:13:33]}  Qc8 {[%clk 0:19:57]} 23. f4 {[%clk 0:11:52]}  exf4 {[%clk 0:18:12]} 24. Nxf4 {[%clk 0:12:07]}  Bg4 {[%clk 0:17:09]} 25. Rd3 {[%clk 0:08:23]}  Rb8 {[%clk 0:13:59]} 26. Qe3 {[%clk 0:08:25]}  b4 {[%clk 0:13:31]} 27. axb4 {[%clk 0:08:48]}  Rxb4 {[%clk 0:10:33]} 28. e5 {[%clk 0:04:40]}  Bf5 {[%clk 0:08:59]} 29. Rd1 {[%clk 0:03:41]}  Qb8 {[%clk 0:05:37]} 30. b3 {[%clk 0:03:50]}  Bg7 {[%clk 0:03:53]} 31. Re1 {[%clk 0:02:31]}  Rb7 {[%clk 0:02:38]} 32. Qc5 {[%clk 0:01:13]}  Qe8 {[%clk 0:01:59]} 33. Ne4 {[%clk 0:01:12]}  Bxe4 {[%clk 0:01:42]} 34. Rxe4 {[%clk 0:01:38]}  Rb5 {[%clk 0:02:06]} 35. Qe3 {[%clk 0:00:45]}  Rxe5 {[%clk 0:02:13]} 36. Rxe5 {[%clk 0:01:02]}  Qxe5 {[%clk 0:02:22]} 37. Qxe5 {[%clk 0:01:20]}  Bxe5 {[%clk 0:02:48]} 38. Ng2 {[%clk 0:01:41]}  f6 {[%clk 0:02:32]} 39. gxf6 {[%clk 0:01:36]}  Kf7 {[%clk 0:02:42]} 40. Kd2 {[%clk 0:01:25]}  Kxf6 {[%clk 0:03:07]} 41. Ke3 {[%clk 0:01:23]}  g5 {[%clk 0:01:23]} 42. Kf3 {[%clk 0:22:25]}  gxh4 {[%clk 0:21:08]} 43. Nxh4 {[%clk 0:22:48]}  Kg5 {[%clk 0:21:35]} 44. Ng2 {[%clk 0:22:23]}  Bc3 {[%clk 0:18:29]} 45. Ne3 {[%clk 0:20:09]}  h4 {[%clk 0:18:28]} 1/2-1/2

[Event "45th FIDE Chess Olympiad - Women's Section"]
[Site "Budapest, Hungary"]
[Date "2024.09.11"]
[Round "1"]
[White "Karacsonyi, Kata"]
[Black "Efentakis, Katina"]
[Result "1-0"]
[Board "122"]
[WhiteFideId "769584"]
[BlackFideId "14800659"]
[WhiteTitle "WFM"]
[WhiteElo "2233"]
[BlackElo "1650"]
[WhiteTeam "Hungary B"]
[BlackTeam "Mozambique"]
[WhiteClock "0:10:56"]
[BlackClock "0:06:37"]
[Variant "Standard"]

1. e4 {[%clk 1:30:57]}  e5 {[%clk 1:30:47]} 2. Nf3 {[%clk 1:31:16]}  Nc6 {[%clk 1:30:53]} 3. Bb5 {[%clk 1:31:37]}  a6 {[%clk 1:30:08]} 4. Ba4 {[%clk 1:31:54]}  d6 {[%clk 1:29:42]} 5. O-O {[%clk 1:32:05]}  Nf6 {[%clk 1:29:53]} 6. c3 {[%clk 1:31:56]}  b5 {[%clk 1:29:22]} 7. Bc2 {[%clk 1:31:16]}  Be7 {[%clk 1:29:31]} 8. h3 {[%clk 1:29:12]}  O-O {[%clk 1:26:28]} 9. Re1 {[%clk 1:17:47]}  Re8 {[%clk 1:19:40]} 10. d3 {[%clk 1:11:31]}  Bb7 {[%clk 1:15:09]} 11. Nbd2 {[%clk 1:10:23]}  h6 {[%clk 1:10:22]} 12. Nf1 {[%clk 1:10:15]}  Bf8 {[%clk 1:02:52]} 13. Ng3 {[%clk 0:58:06]}  Ne7 {[%clk 0:52:01]} 14. Nh4 {[%clk 0:46:25]}  g6 {[%clk 0:43:27]} 15. Qf3 {[%clk 0:36:20]}  Nc8 {[%clk 0:33:15]} 16. Bb3 {[%clk 0:21:46]}  d5 {[%clk 0:18:51]} 17. exd5 {[%clk 0:20:36]}  Bxd5 {[%clk 0:14:19]} 18. Bxd5 {[%clk 0:17:15]}  Nxd5 {[%clk 0:14:14]} 19. Nhf5 {[%clk 0:06:44]}  gxf5 {[%clk 0:11:12]} 20. Nxf5 {[%clk 0:07:10]}  Ncb6 {[%clk 0:09:15]} 21. Re4 {[%clk 0:03:42]}  Nf4 {[%clk 0:08:31]} 22. Bxf4 {[%clk 0:03:15]}  exf4 {[%clk 0:08:49]} 23. Rxf4 {[%clk 0:03:41]}  Kh7 {[%clk 0:07:39]} 24. Nd4 {[%clk 0:02:39]}  Bg7 {[%clk 0:03:23]} 25. Rf5 {[%clk 0:02:39]}  f6 {[%clk 0:03:22]} 26. Rxf6 {[%clk 0:03:02]}  Qd6 {[%clk 0:00:00]} 27. Rf7 {[%clk 0:03:01]}  Qd5 {[%clk 0:02:06]} 28. Qf6 {[%clk 0:00:45]}  Qg5 {[%clk 0:01:06]} 29. Qf5+ {[%clk 0:00:34]}  Qxf5 {[%clk 0:00:49]} 30. Nxf5 {[%clk 0:01:01]}  Kg6 {[%clk 0:00:53]} 31. Rxg7+ {[%clk 0:01:12]}  Kxf5 {[%clk 0:01:17]} 32. Rxc7 {[%clk 0:01:34]}  Re2 {[%clk 0:00:40]} 33. c4 {[%clk 0:00:33]}  bxc4 {[%clk 0:00:53]} 34. dxc4 {[%clk 0:00:40]}  Rc8 {[%clk 0:00:52]} 35. g4+ {[%clk 0:00:40]}  Ke6 {[%clk 0:00:35]} 36. Rxc8 {[%clk 0:00:39]}  Nxc8 {[%clk 0:00:59]} 37. b3 {[%clk 0:00:55]}  Na7 {[%clk 0:01:07]} 38. Kf1 {[%clk 0:01:09]}  Re5 {[%clk 0:01:12]} 39. Rd1 {[%clk 0:00:43]}  Nc6 {[%clk 0:01:22]} 40. a3 {[%clk 0:00:35]}  a5 {[%clk 0:01:23]} 41. Rd3 {[%clk 0:00:40]}  Re4 {[%clk 0:00:47]} 42. f3 {[%clk 0:00:32]}  Rd4 {[%clk 0:00:44]} 43. Ke2 {[%clk 0:19:10]}  Rxd3 {[%clk 0:18:46]} 44. Kxd3 {[%clk 0:19:34]}  Ke5 {[%clk 0:18:56]} 45. Ke3 {[%clk 0:19:22]}  Kd6 {[%clk 0:18:24]} 46. f4 {[%clk 0:17:11]}  Kc5 {[%clk 0:17:23]} 47. Kd3 {[%clk 0:12:50]}  Ne7 {[%clk 0:16:26]} 48. Ke4 {[%clk 0:10:55]}  Nc6 {[%clk 0:15:41]} 49. g5 {[%clk 0:10:17]}  hxg5 {[%clk 0:15:32]} 50. fxg5 {[%clk 0:10:43]}  Kd6 {[%clk 0:13:05]} 51. h4 {[%clk 0:08:58]}  Ke6 {[%clk 0:13:18]} 52. h5 {[%clk 0:08:56]}  Ne7 {[%clk 0:10:23]} 53. b4 {[%clk 0:06:35]}  axb4 {[%clk 0:09:45]} 54. axb4 {[%clk 0:07:03]}  Nc8 {[%clk 0:08:29]} 55. c5 {[%clk 0:06:55]}  Na7 {[%clk 0:08:37]} 56. h6 {[%clk 0:07:00]}  Kf7 {[%clk 0:08:39]} 57. Kd5 {[%clk 0:06:04]}  Nc8 {[%clk 0:08:35]} 58. b5 {[%clk 0:06:00]}  Ne7+ {[%clk 0:07:41]} 59. Kd6 {[%clk 0:06:22]}  Nf5+ {[%clk 0:07:35]} 60. Kd7 {[%clk 0:06:43]}  Kg6 {[%clk 0:06:52]} 61. b6 {[%clk 0:07:01]}  Kxg5 {[%clk 0:06:58]} 62. h7 {[%clk 0:07:10]}  Kg6 {[%clk 0:04:57]} 63. h8=Q {[%clk 0:07:34]}  Ng7 {[%clk 0:05:02]} 64. Qxg7+ {[%clk 0:07:57]}  Kxg7 {[%clk 0:05:15]} 65. b7 {[%clk 0:08:23]}  Kh7 {[%clk 0:05:31]} 66. b8=Q {[%clk 0:08:46]}  Kg6 {[%clk 0:05:47]} 67. Qf4 {[%clk 0:09:11]}  Kh5 {[%clk 0:06:01]} 68. Qg3 {[%clk 0:09:35]}  Kh6 {[%clk 0:06:13]} 69. Ke6 {[%clk 0:10:03]}  Kh7 {[%clk 0:06:27]} 70. Kf6 {[%clk 0:10:30]}  Kh8 {[%clk 0:06:37]} 71. Qg7# {[%clk 0:10:56]} 1-0

[Event "45th FIDE Chess Olympiad - Women's Section"]
[Site "Budapest, Hungary"]
[Date "2024.09.11"]
[Round "1"]
[White "Lyons, Kieran"]
[Black "Cramling, Pia"]
[Result "0-1"]
[Board "129"]
[WhiteFideId "11400102"]
[BlackFideId "1700030"]
[WhiteTitle "WFM"]
[BlackTitle "GM"]
[WhiteElo "1818"]
[BlackElo "2425"]
[WhiteTeam "Fiji"]
[BlackTeam "Sweden"]
[WhiteClock "0:03:13"]
[BlackClock "0:06:29"]
[Variant "Standard"]

1. e4 {[%clk 1:30:57]}  c5 {[%clk 1:30:55]} 2. Nf3 {[%clk 1:31:24]}  e6 {[%clk 1:31:15]} 3. d4 {[%clk 1:31:39]}  cxd4 {[%clk 1:31:40]} 4. Nxd4 {[%clk 1:32:06]}  a6 {[%clk 1:32:05]} 5. Nc3 {[%clk 1:31:23]}  b5 {[%clk 1:28:38]} 6. Bd3 {[%clk 1:28:23]}  Bb7 {[%clk 1:28:12]} 7. O-O {[%clk 1:24:46]}  Nc6 {[%clk 1:26:54]} 8. Nxc6 {[%clk 1:18:56]}  Bxc6 {[%clk 1:27:16]} 9. e5 {[%clk 1:16:59]}  f5 {[%clk 1:21:00]} 10. Be3 {[%clk 0:55:15]}  g6 {[%clk 1:05:50]} 11. Ne2 {[%clk 0:39:59]}  Nh6 {[%clk 0:59:09]} 12. Nd4 {[%clk 0:30:11]}  Bb7 {[%clk 0:55:09]} 13. Nf3 {[%clk 0:13:22]}  Nf7 {[%clk 0:53:59]} 14. Bd4 {[%clk 0:12:01]}  Bg7 {[%clk 0:39:53]} 15. Re1 {[%clk 0:09:49]}  O-O {[%clk 0:38:05]} 16. c3 {[%clk 0:09:35]}  Rc8 {[%clk 0:26:45]} 17. Nd2 {[%clk 0:07:22]}  d6 {[%clk 0:23:51]} 18. f4 {[%clk 0:03:01]}  dxe5 {[%clk 0:19:54]} 19. fxe5 {[%clk 0:03:07]}  Qd5 {[%clk 0:15:00]} 20. Qf3 {[%clk 0:03:08]}  Qd7 {[%clk 0:13:27]} 21. Qg3 {[%clk 0:03:06]}  g5 {[%clk 0:12:38]} 22. Nf3 {[%clk 0:03:05]}  g4 {[%clk 0:11:50]} 23. Nd2 {[%clk 0:01:50]}  h5 {[%clk 0:10:39]} 24. Qh4 {[%clk 0:01:15]}  Qd5 {[%clk 0:06:52]} 25. Bf1 {[%clk 0:01:30]}  Bh6 {[%clk 0:06:52]} 26. Nb3 {[%clk 0:01:48]}  Bg5 {[%clk 0:06:27]} 27. Qxh5 {[%clk 0:02:11]}  Kg7 {[%clk 0:06:52]} 28. Be3 {[%clk 0:00:52]}  Bxe3+ {[%clk 0:06:19]} 29. Rxe3 {[%clk 0:01:18]}  Rh8 {[%clk 0:06:43]} 30. Rd3 {[%clk 0:01:42]}  Rxh5 {[%clk 0:06:51]} 31. Rxd5 {[%clk 0:02:08]}  Bxd5 {[%clk 0:07:17]} 32. Nd4 {[%clk 0:02:21]}  Nxe5 {[%clk 0:06:45]} 33. Re1 {[%clk 0:02:49]}  Kf6 {[%clk 0:07:06]} 34. a3 {[%clk 0:02:54]}  Rch8 {[%clk 0:07:10]} 35. h3 {[%clk 0:03:18]}  gxh3 {[%clk 0:06:50]} 36. gxh3 {[%clk 0:03:46]}  Rg8+ {[%clk 0:06:59]} 37. Kf2 {[%clk 0:04:01]}  Rh4 {[%clk 0:07:05]} 38. Rd1 {[%clk 0:03:13]}  Nc4 {[%clk 0:06:29]} 0-1

[Event "45th FIDE Chess Olympiad - Women's Section"]
[Site "Budapest, Hungary"]
[Date "2024.09.11"]
[Round "1"]
[White "Ntsielo, Bonolo"]
[Black "Contreras Huaman, Fiorella"]
[Result "0-1"]
[Board "155"]
[WhiteFideId "21301921"]
[BlackFideId "3824675"]
[BlackTitle "WIM"]
[WhiteElo "1757"]
[BlackElo "2168"]
[WhiteTeam "Lesotho"]
[BlackTeam "Peru"]
[WhiteClock "0:30:00"]
[BlackClock "0:38:40"]
[Variant "Standard"]

1. e4 {[%clk 1:30:41]}  c6 {[%clk 1:30:51]} 2. Nf3 {[%clk 1:31:05]}  d5 {[%clk 1:31:07]} 3. exd5 {[%clk 1:30:07]}  cxd5 {[%clk 1:31:28]} 4. d4 {[%clk 1:30:14]}  Nc6 {[%clk 1:31:45]} 5. Bf4 {[%clk 1:30:06]}  Bg4 {[%clk 1:31:53]} 6. c3 {[%clk 1:25:04]}  e6 {[%clk 1:31:44]} 7. h3 {[%clk 1:24:49]}  Bh5 {[%clk 1:28:03]} 8. Nbd2 {[%clk 1:20:30]}  Bd6 {[%clk 1:27:07]} 9. Bxd6 {[%clk 1:19:25]}  Qxd6 {[%clk 1:27:26]} 10. Bd3 {[%clk 1:19:43]}  Nf6 {[%clk 1:27:13]} 11. O-O {[%clk 1:18:13]}  O-O {[%clk 1:26:51]} 12. Re1 {[%clk 1:18:12]}  Qc7 {[%clk 1:26:23]} 13. Qc2 {[%clk 1:15:48]}  Bg6 {[%clk 1:26:23]} 14. Rac1 {[%clk 1:13:13]}  Rfc8 {[%clk 1:20:15]} 15. Bxg6 {[%clk 1:09:09]}  hxg6 {[%clk 1:20:35]} 16. Qd3 {[%clk 1:09:15]}  Rab8 {[%clk 1:13:23]} 17. Ng5 {[%clk 1:05:27]}  b5 {[%clk 1:02:58]} 18. Nb3 {[%clk 0:55:24]}  Qf4 {[%clk 0:53:47]} 19. Qe3 {[%clk 0:52:50]}  Qxe3 {[%clk 0:53:27]} 20. Rxe3 {[%clk 0:49:53]}  Nd7 {[%clk 0:53:18]} 21. Rf3 {[%clk 0:46:56]}  Rf8 {[%clk 0:52:11]} 22. Kf1 {[%clk 0:40:26]}  a5 {[%clk 0:50:32]} 23. a3 {[%clk 0:38:02]}  e5 {[%clk 0:43:07]} 24. Rd3 {[%clk 0:37:51]}  e4 {[%clk 0:42:33]} 25. Rd2 {[%clk 0:36:52]}  Rbe8 {[%clk 0:39:52]} 26. h4 {[%clk 0:35:43]}  f6 {[%clk 0:38:10]} 27. Nh3 {[%clk 0:36:05]}  Kf7 {[%clk 0:38:27]} 28. Nc5 {[%clk 0:29:58]}  Nb6 {[%clk 0:37:11]} 29. b3 {[%clk 0:17:59]}  Rh8 {[%clk 0:28:51]} 30. Nb7 {[%clk 0:10:35]}  Re6 {[%clk 0:28:28]} 31. g3 {[%clk 0:06:18]}  g5 {[%clk 0:28:32]} 32. Ke2 {[%clk 0:06:22]}  Kg6 {[%clk 0:17:55]} 33. c4 {[%clk 0:04:09]}  bxc4 {[%clk 0:18:17]} 34. bxc4 {[%clk 0:04:34]}  Rb8 {[%clk 0:17:00]} 35. cxd5 {[%clk 0:02:54]}  Nxd5 {[%clk 0:17:19]} 36. Nc5 {[%clk 0:03:04]}  Re7 {[%clk 0:17:03]} 37. Na4 {[%clk 0:01:21]}  e3 {[%clk 0:15:22]} 38. Rd3 {[%clk 0:00:55]}  exf2+ {[%clk 0:14:37]} 39. Kxf2 {[%clk 0:01:18]}  Na7 {[%clk 0:14:55]} 40. hxg5 {[%clk 0:00:51]}  fxg5 {[%clk 0:14:26]} 41. Rc5 {[%clk 0:00:39]}  Rb5 {[%clk 0:13:26]} 42. Rxb5 {[%clk 0:00:45]}  Nxb5 {[%clk 0:13:47]} 43. Nc5 {[%clk 0:01:04]}  Kf5 {[%clk 0:12:13]} 44. Rf3+ {[%clk 0:00:48]}  Kg4 {[%clk 0:12:34]} 45. Ng1 {[%clk 0:00:34]}  Ndc3 {[%clk 0:09:18]} 46. a4 {[%clk 0:00:36]}  Nd1+ {[%clk 0:09:27]} 47. Kg2 {[%clk 0:00:36]}  Nxd4 {[%clk 0:09:26]} 48. Rd3 {[%clk 0:00:45]}  Ne3+ {[%clk 0:09:44]} 49. Kf2 {[%clk 0:01:03]}  Nef5 {[%clk 0:08:41]} 50. Nf3 {[%clk 0:00:31]}  Re2+ {[%clk 0:08:40]} 51. Kg1 {[%clk 0:30:00]}  Nxf3+ {[%clk 0:38:40]} 0-1

[Event "45th FIDE Chess Olympiad - Women's Section"]
[Site "Budapest, Hungary"]
[Date "2024.09.11"]
[Round "1"]
[White "Limontaite, Simona"]
[Black "Moreno Mora, Milaydes Lourdes"]
[Result "1-0"]
[Board "178"]
[WhiteFideId "12802506"]
[BlackFideId "3910512"]
[WhiteTitle "WIM"]
[WhiteElo "2177"]
[BlackElo "1694"]
[WhiteTeam "Lithuania"]
[BlackTeam "Aruba"]
[WhiteClock "0:01:47"]
[BlackClock "0:01:16"]
[Variant "Standard"]

1. d4 {[%clk 1:30:57]}  Nf6 {[%clk 1:30:38]} 2. c4 {[%clk 1:30:47]}  b6 {[%clk 1:30:29]} 3. Nc3 {[%clk 1:28:23]}  Bb7 {[%clk 1:29:13]} 4. Qc2 {[%clk 1:26:39]}  e6 {[%clk 1:20:19]} 5. Bg5 {[%clk 1:15:12]}  Bb4 {[%clk 1:12:26]} 6. a3 {[%clk 1:10:56]}  Bxc3+ {[%clk 1:07:51]} 7. Qxc3 {[%clk 1:11:12]}  h6 {[%clk 1:07:46]} 8. Bh4 {[%clk 1:05:39]}  g5 {[%clk 1:02:14]} 9. Bg3 {[%clk 1:05:45]}  Ne4 {[%clk 0:52:08]} 10. Qc2 {[%clk 1:00:51]}  d6 {[%clk 0:40:11]} 11. e3 {[%clk 0:50:44]}  Nd7 {[%clk 0:37:59]} 12. f3 {[%clk 0:40:35]}  Nxg3 {[%clk 0:35:37]} 13. hxg3 {[%clk 0:41:02]}  g4 {[%clk 0:31:32]} 14. Bd3 {[%clk 0:34:20]}  gxf3 {[%clk 0:31:06]} 15. gxf3 {[%clk 0:33:09]}  Qg5 {[%clk 0:30:29]} 16. Qf2 {[%clk 0:31:44]}  O-O-O {[%clk 0:26:28]} 17. O-O-O {[%clk 0:27:14]}  Kb8 {[%clk 0:20:33]} 18. Kb1 {[%clk 0:24:18]}  d5 {[%clk 0:14:38]} 19. Ka1 {[%clk 0:06:45]}  dxc4 {[%clk 0:10:25]} 20. Bxc4 {[%clk 0:06:56]}  Qg7 {[%clk 0:05:04]} 21. Ne2 {[%clk 0:05:55]}  Nf6 {[%clk 0:04:51]} 22. e4 {[%clk 0:03:55]}  Ne8 {[%clk 0:02:47]} 23. Rc1 {[%clk 0:03:52]}  Nd6 {[%clk 0:03:02]} 24. Bd3 {[%clk 0:04:10]}  e5 {[%clk 0:02:32]} 25. d5 {[%clk 0:02:37]}  Rdf8 {[%clk 0:02:35]} 26. g4 {[%clk 0:02:42]}  h5 {[%clk 0:02:09]} 27. gxh5 {[%clk 0:02:15]}  f5 {[%clk 0:02:18]} 28. Qe3 {[%clk 0:01:41]}  f4 {[%clk 0:01:37]} 29. Qg1 {[%clk 0:01:42]}  Qd7 {[%clk 0:01:50]} 30. Qg5 {[%clk 0:01:23]}  Nf7 {[%clk 0:01:05]} 31. Qf6 {[%clk 0:01:44]}  Rh6 {[%clk 0:01:26]} 32. Qg7 {[%clk 0:01:26]}  Rg8 {[%clk 0:01:16]} 33. Qxg8+ {[%clk 0:01:47]} 1-0

[Event "45th FIDE Chess Olympiad - Women's Section"]
[Site "Budapest, Hungary"]
[Date "2024.09.11"]
[Round "1"]
[White "Msukwa, Tupokiwe"]
[Black "Fronda, Jan Jodilyn"]
[Result "0-1"]
[Board "187"]
[WhiteFideId "20500459"]
[BlackFideId "5204585"]
[BlackTitle "WIM"]
[WhiteElo "1674"]
[BlackElo "2165"]
[WhiteTeam "Malawi"]
[BlackTeam "Philippines"]
[WhiteClock "0:42:41"]
[BlackClock "1:08:44"]
[Variant "Standard"]

1. d4 {[%clk 1:30:57]}  Nf6 {[%clk 1:30:49]} 2. c4 {[%clk 1:31:14]}  c5 {[%clk 1:31:05]} 3. e3 {[%clk 1:30:54]}  cxd4 {[%clk 1:30:50]} 4. exd4 {[%clk 1:31:15]}  d5 {[%clk 1:31:09]} 5. Nc3 {[%clk 1:30:46]}  g6 {[%clk 1:31:11]} 6. Bf4 {[%clk 1:30:38]}  Bg7 {[%clk 1:31:05]} 7. Bxb8 {[%clk 1:30:14]}  Rxb8 {[%clk 1:31:28]} 8. Qa4+ {[%clk 1:30:29]}  Bd7 {[%clk 1:31:09]} 9. Qxa7 {[%clk 1:30:50]}  Bc6 {[%clk 1:30:51]} 10. c5 {[%clk 1:29:02]}  Nd7 {[%clk 1:30:40]} 11. Qa3 {[%clk 1:28:19]}  Bxd4 {[%clk 1:30:50]} 12. b4 {[%clk 1:25:43]}  b6 {[%clk 1:27:55]} 13. Nf3 {[%clk 1:24:25]}  bxc5 {[%clk 1:28:02]} 14. Nxd4 {[%clk 1:22:14]}  cxd4 {[%clk 1:28:26]} 15. b5 {[%clk 1:21:22]}  Bb7 {[%clk 1:28:26]} 16. Nd1 {[%clk 1:20:40]}  Qc7 {[%clk 1:27:31]} 17. Rc1 {[%clk 1:17:43]}  Qe5+ {[%clk 1:26:40]} 18. Be2 {[%clk 1:18:03]}  O-O {[%clk 1:23:32]} 19. Qd3 {[%clk 1:17:54]}  Rfc8 {[%clk 1:21:43]} 20. Rxc8+ {[%clk 1:14:59]}  Rxc8 {[%clk 1:22:04]} 21. O-O {[%clk 1:15:01]}  Nc5 {[%clk 1:21:47]} 22. Qd2 {[%clk 1:10:32]}  Ne4 {[%clk 1:21:33]} 23. Qb2 {[%clk 1:05:49]}  Nc3 {[%clk 1:15:52]} 24. Bd3 {[%clk 1:01:14]}  Ra8 {[%clk 1:12:47]} 25. a3 {[%clk 1:00:13]}  Qd6 {[%clk 1:10:31]} 26. Nxc3 {[%clk 0:59:25]}  dxc3 {[%clk 1:10:57]} 27. Qxc3 {[%clk 0:59:37]}  Rxa3 {[%clk 1:11:20]} 28. Qc2 {[%clk 0:56:43]}  e5 {[%clk 1:11:21]} 29. Rd1 {[%clk 0:56:35]}  d4 {[%clk 1:08:46]} 30. f3 {[%clk 0:52:02]}  Bd5 {[%clk 1:06:53]} 31. Qc8+ {[%clk 0:46:14]}  Kg7 {[%clk 1:07:16]} 32. Qe8 {[%clk 0:42:39]}  Ra8 {[%clk 1:05:45]} 33. Qxa8 {[%clk 0:41:58]}  Bxa8 {[%clk 1:05:45]} 34. Rb1 {[%clk 0:42:03]}  Qa3 {[%clk 1:06:20]} 35. Be4 {[%clk 0:41:34]}  Bxe4 {[%clk 1:06:39]} 36. fxe4 {[%clk 0:41:55]}  Qe3+ {[%clk 1:07:02]} 37. Kh1 {[%clk 0:41:46]}  d3 {[%clk 1:07:26]} 38. b6 {[%clk 0:41:49]}  d2 {[%clk 1:07:53]} 39. h3 {[%clk 0:41:49]}  Qe1+ {[%clk 1:08:19]} 40. Rxe1 {[%clk 0:42:14]}  dxe1=Q+ {[%clk 1:08:44]} 41. Kh2 {[%clk 0:42:41]}  Qxe4 {[%clk 1:08:44]} 0-1